Followeship traits and styles effect on organizational performance in Seventh-day Adventist organizations in Kenya : (Record no. 25302)

MARC details
000 -LEADER
fixed length control field 00741nam a22001817a 4500
003 - CONTROL NUMBER IDENTIFIER
control field AUA.1
005 - DATE AND TIME OF LATEST TRANSACTION
control field 20260206115038.0
008 - FIXED-LENGTH DATA ELEMENTS--GENERAL INFORMATION
fixed length control field 260206b |||||||| |||| 00| 0 eng d
040 ## - CATALOGING SOURCE
Transcribing agency JTL
100 ## - MAIN ENTRY--PERSONAL NAME
Personal name Gai, Knollyne Oindih
245 ## - TITLE STATEMENT
Title Followeship traits and styles effect on organizational performance in Seventh-day Adventist organizations in Kenya :
Remainder of title the moderating role of follower demographics and leadership personality /
Statement of responsibility, etc Knollyne Oindih Gai.
260 ## - PUBLICATION, DISTRIBUTION, ETC. (IMPRINT)
Date of publication, distribution, etc c2025.
300 ## - PHYSICAL DESCRIPTION
Extent viii, 254 leaves :
Other physical details illustrations,
Dimensions 30 cm.
650 ## - SUBJECT ADDED ENTRY--TOPICAL TERM
Topical term or geographic name as entry element Followership
650 ## - SUBJECT ADDED ENTRY--TOPICAL TERM
Topical term or geographic name as entry element Organizational behavior
650 ## - SUBJECT ADDED ENTRY--TOPICAL TERM
Topical term or geographic name as entry element Organizational effectiveness
Form subdivision Seventh-day Adventist Church
General subdivision Kenya
942 ## - ADDED ENTRY ELEMENTS (KOHA)
Source of classification or shelving scheme AUA Inhouse Classification
Koha item type Dissertations
Classification part PhD Lead
Item part .G35 2025
Holdings
Withdrawn status Lost status Source of classification or shelving scheme Damaged status Not for loan Collection code Home library Current library Shelving location Date acquired Source of acquisition Cost, normal purchase price Serial Enumeration / chronology Total Checkouts Full call number Barcode Date last seen Cost, replacement price Price effective from Koha item type
    AUA Inhouse Classification     JTL Research Collection Judith Thomas Library Judith Thomas Library Judith Thomas Library Research Section 06/02/2026 School of Postgraduate Studies 25.00 AUA28054   PhD Lead .G35 2025 AUA28054 06/02/2026 25.00 06/02/2026 Dissertations